Bilecik Bilecik Bilecik Bilecik Bilecik

Özel öğretim yöntemleri/ (Record no. 38636)

MARC details
000 -BAŞLIK
Sabit Uzunluktaki Kontrol Alanı 01027nam a22003377a 4500
001 - KONTROL NUMARASI
Control Dosyası 0038782
003 - KONTROL NUMARASI KİMLİĞİ
Kontrol Alanı KOHA_MİRAKIL
005 - EN SON İŞLEM TARİHİ ve ZAMANI
Kontrol Alanı 20260207003110.0
007 - FİZİKSEL TANIM SABİT ALAN - GENEL BİLGİ
Sabit uzunluklu kontrol alanı ta
008 - SABİT UZUNLUKTAKİ VERİ ÖGELERİ - GENEL BİLGİ
Sabit Alan 121015b1981 tu |||gr||||#||||0|tur |
040 ## - KATALOGLAMA KAYNAĞI
Özgün Kataloglama Kurumu TR-BiSEU
Kataloglama Dili tur
Çeviri Kurumu TR-BiSEU
Açıklama Kuralları rda
041 0# - DİL KODU
Metin ya da ses kaydının dil kodu tur
044 ## - YAYINLAYAN/ÜRETEN KURULUŞUN ÜLKE KODU
ISO country code tu
050 ## - SINIFLAMA ve YER NUMARASI
Sınıflama Numarası LB1707
Yer Numarası .B56 1981
100 1# - KİŞİ ADI
Yazar Adı (Kişi adı) Binbaşıoğlu, Cavit.
245 1# - ESER ADI BİLDİRİMİ
Başlık Özel öğretim yöntemleri/
Sorumluluk Bildirimi Cavit Binbaşıoğlu ; Cavit Binbaşıoğlu.
250 ## - BASIM BİLDİRİMİ
Basım Bildirimi 4. bsk.
264 #1 - ÜRERİM, YAYIN, DAĞITIM ve TELİF BİLDİRİMİ
Yayın yeri Ankara :
Yayınlayan Binbaşıoğlu Yayınevi
Yayın tarihi 1981
300 ## - FİZİKSEL TANIMLAMA
Sayfa, Cilt vb. 208 sayfa ;
Boyutları 24 cm.
336 ## - İÇERİK TÜRÜ
Content type term metin
Content type code txt
Source rdacontent
337 ## - MEDYA TÜRÜ
Media type term aracısız
Media type code n
Source rdamedia
338 ## - TAŞIYICI TÜRÜ
Carrier type term cilt
Carrier type code nc
Source rdacarrier
490 1# - DİZİ BİLDİRİMİ
Dizi Bildirimi Binbaşıoğlu Yayınevi.
490 1# - DİZİ BİLDİRİMİ
Dizi Bildirimi İlkokullarda öğretim ;
Cilt Numarası 2 .
500 ## - GENEL NOT
Genel Not Kaynakça var.
650 #0 - KONU BAŞLIĞI EK GİRİŞ - KONU TERİMİ
Konusal terim veya coğrafi ad Teachers--Training of.
9 (RLIN) 63271
650 #0 - KONU BAŞLIĞI EK GİRİŞ - KONU TERİMİ
Konusal terim veya coğrafi ad Öğretmenler--Eğitim.
9 (RLIN) 63268
830 1# - SERİ EK GİRİŞİ - TEKBİÇİM ESER ADI
Tekbiçim Başlık Binbaşıoğlu Yayınevi.
9 (RLIN) 72370
830 1# - SERİ EK GİRİŞİ - TEKBİÇİM ESER ADI
Tekbiçim Başlık İlkokullarda öğretim ;
Volume number/sequential designation 2 .
9 (RLIN) 72371
942 ## - EK GİRİŞ ÖGELERİ (KOHA)
Source of classification or shelving scheme Library of Congress Classification
Koha item type Book
Holdings
Materyal Türü Kalıcı Konum Mevcut Konum Raf Yeri Sınıflandırma Kaynağı Edinim Bilgisi Ana Konular Alt Konular Yer Numarası Demirbaş Numarası Fatura Tarihi Geri Çekilme Durumu Kayıp Durumu Hasarlı Durumu Kredi için değil Kayıt Tarih Toplam Ödünçverme Son Görülme Tarihi Son Kontrol Tarihi Genel / Bağış Notu
Book Prof. Dr. Azmi Özcan Kütüphanesi Prof. Dr. Azmi Özcan Kütüphanesi Uluğbey Salonu Library of Congress Classification Bağış EĞİTİM Eğitim Teorisi ve Uygulaması LB1707 .B56 1981 0038782 02/02/2026         15/10/2012   05/12/2024 05/12/2024 Mehmet Alpargu, Akademisyen